Ermittlung der Fair Value bei Finanzderivaten in Sinne der Slowakischen Rechtsregulung und IAS/IFRS

Guardado en:
Detalles Bibliográficos
Autor principal: Markovič, Peter, 1974-
Formato: Capítulo de libro
Lenguaje:alemán
Etiquetas: Agregar Etiqueta
Sin Etiquetas, Sea el primero en etiquetar este registro!

MARC

LEADER 00000naa$a2200000$$$4500
001 0144572
005 20240502083334.4
041 0 |a ger 
044 |a DE 
245 1 0 |a Ermittlung der Fair Value bei Finanzderivaten in Sinne der Slowakischen Rechtsregulung und IAS/IFRS  |c Peter Markovič 
100 1 |a Markovič, Peter, 1974-